Přístup on-line k chemickým a chemickoinženýrským informacím.

Prehľad súčasnej problematiky využívania informačných služieb on-line v oblasti chémie a chemického inžinierstva. Strediská báz dát služieb on-line. Spôsob napojenia sa na stredisko báz dát. Administratívne podmienky prístupu. Spôsob priebehu vlastnej komunikácie. Charakteristika niektorých stredísk...

Descrizione completa

Salvato in:
Dettagli Bibliografici
Autore principale: Šilhánek, J.
Natura: Capitolo di libro
Lingua:ceco
Soggetti:
Tags: Aggiungi Tag
Nessun Tag, puoi essere il primo ad aggiungerne!!

MARC

LEADER 00000naa a2200000 4500
001 r013550
005 20221205080017.7
041 0 |a cze 
044 |a CZ 
245 1 0 |a Přístup on-line k chemickým a chemickoinženýrským informacím.  |c J. Šilhánek 
520 |a Prehľad súčasnej problematiky využívania informačných služieb on-line v oblasti chémie a chemického inžinierstva. Strediská báz dát služieb on-line. Spôsob napojenia sa na stredisko báz dát. Administratívne podmienky prístupu. Spôsob priebehu vlastnej komunikácie. Charakteristika niektorých stredísk báz dát služieb on-line. 
610 2 0 |a služby informačné 
610 2 0 |a systém on-line 
610 2 0 |a chémia 
610 2 0 |a báza dát 
610 2 0 |a strediská informačné 
610 2 0 |a AIS 
100 1 |a Šilhánek, J.